Fini les paroles : Orelsan - Statistiques

Statistiques générales
  • Ce quiz a été pris 257 fois
  • Le résultat moyen est 15 sur 30
Statistiques - réponses
Chansons Nombre de mots manquants Paroles Réponse % Correct
La Terre est ronde 1 Pour une seule bonne raison Après avoir fait l'tour du monde Tout c'qu'on veut, c'est être à la... Maison
100%
La Quête 4 Quand j'sais pas, j'demande à ma mère Un jour elle m'a dit "j'sais pas tout" J'ai perdu... Foi en l'univers
90%
Défaite de famille 3 Me regardait porter des cartons en tripotant ma frangine toutes les trois secondes Y a pile le nombre de gobelets par personne, faut écrire vos noms Parce que tata est l'genre de crevarde qui lave les... Assiettes en carton
73%
Athéna 1 Dis, "Je t'aime" à tes parents, chaque fois qu'tu raccroches Parce que c'est ton coeur qui choisit tes potes T'arrives à m'rassurer quand j'ai peur de la... Mort
73%
Tout Va Bien 3 Si la voisine crie très fort, c’est qu’elle a pas bien entendu Si elle a du bleu sur le corps, c’est qu’elle a joué dans la peinture Et si un jour elle a disparu, c’est qu’elle est partie en... Lune de miel
71%
San 3 Où sont passées les stars de ma jeunesse? Morts ou devenus des parodies d'eux-mêmes J'veux jamais faire pareil, retour vers le futur, j'veux pas rater l'troisième J'veux faire des chansons d'amour homicide qui poussent un... Célibataire au suicide
67%
Notes pour trop tard 3 Même quand t’as raison Si y’a une chose que tu dois pas remettre en question T’es plus intelligent qu’avant mais t’es... Toujours très con
67%
Paradis 3 J'ai abandonné ces chiennes sur le bord de la route C'est moi qui devrais avoir des doutes parce que tu les baises toutes J'comprends pas pourquoi tu t'inquiètes quand tu... Prends du poids
66%
Basique 3 Entre avoir des principes et être un sale con, la ligne est très fineHugo Boss habillait les nazis, le style a son importance Les dauphins sont des violeurs, ouais... Méfie-toi des apparences
65%
Pour le pire 2 J'ai l'intention d'te faire tiser Jusqu'à c'que tu veuilles bien dormir chez moi J'irai jamais décrocher la lune pour... Tes yeux
65%
L’Odeur de l’essence 1 On fait les mongols pour plaire aux mongols On va tomber comme les Mongols Comme les Égyptiens, comme les Romains, comme les Mayas, comme les... Grecs
61%
Du propre 2 T'es du genre qui drague en rabaissant ses potes, suce ton boss La vie c'est facile t'as juste à faire mon jobDernier shot, j'pète... Une clope
61%
Rêves bizarres 1 La méchanceté est gratuite, c'est fou qu'on touche des sous pour ça Étoiles dans les yeux, shinobi, j'essaye de remplacer Johnny Pourquoi t'as la tête qui grossit ? T'as dû chopper une Trisomie
59%
Tellement d'amis 2 Ils veulent pas voir qu'ils sont passés d'mode Je les appelle potes mais c'est pas mes potes Parce que j'leur confierais pas... Mes gosses
56%
Si seul 2 Rien de neuf, à part un coup d'vieux dans les rues de ma ville J'dors plus la nuit, je dialogue avec une machine Je sors de chez moi, sous les insultes de... Ma voisine
54%
Baise le monde 1 Qu'il arrose de produits chimiques cancérigènes Après six mois et beaucoup d'eau, genre huit mille litres Ça donne un kilo d' coton qu'il expédie en... Chine
50%
Boss 1 Mais plus l'temps passe et plus c'est dur Et plus t'es plus d'accord sur rien Toi tu dis matin l'autre dit... Soirée
49%
Courez courez 2 Ceux qui marchent pas avec nous peuvent aller s′faire amputerJ'suis complètement fumé comme les grands brulés Ma mère trouve mes chansons vulgaires alors que c′étaient les... Versions censurées
48%
Soirée ratée 2 Avec les mêmes videurs qui t'mettent les mêmes galères Tu dragues les mêmes ados, c'est un fiasco Parce que t'es trop déchiré pour aligner... Trois mots
47%
J’essaye, j’essaye 3 Et on s'détruit la santé pour se sentir en vie
J'suis moins petit, j'suis plus vieux, mais j'ai jamais grandi
La plupart des choses dont rêvent les gens d'ici m'feraient...
Mourir d'ennui
36%
CP_004_ Juste un dernier 1 Par exemple, ma meuf, j'pourrais dire qu'elle est belle Toi, t'es mieux sur les photos, elle, elle est meilleure dans l'réel, mmh Comme l'intelligence dans les yeux qui fait des... Etincelles
35%
Manifeste 2 On dit qu'c'est c'que la journaliste a voulu dénoncer C'est sur la fin d'la vidéo où elle a pas eu d'chance Parce qu'on y voit deux petites blanches dont une qui dit... Merci France
35%
Ailleurs 4 J'ai une famille à aimer Faut qu'j'libère de l'espace Mon cœur est limité j'dois... Faire de la place
34%
Dis-moi 1 Laisse-moi tout t'expliquer : le problème, c'est l'alcool Ça commence par un verre et mes principes s'envolent Laisse-moi tout t'expliquer : le problème, c'est les... Autres
33%
Raelsan 2 J’apprends à contrôler mes sales réflexes, je me fais jouir avant d’écrire, J’en ai marre de parler de sexe, Je sais que ta petite copine n’aime pas... Mes textes
33%
La Pluie 5 Mon père a gravi l'échelle pour devenir c'qu'il voulait être
Ma mère est la ménagère à qui les publicitaires veulent la mettre
J'connais la...
Campagne et ses gros sabots
27%
CP_009_ Évidemment 1 Vie rapide, tu seras plus vite vieux, le secret, c'est qu'y a pas d'secret Y aura des requins, des démons, des sirènes Y aura des fautes, des trahisons, des... Migraines
24%
Dernier verre 2 Où tout peut basculer J'connais déjà la suite, j'connais déjà la suite Dans deux verres, il est... Cinq heures
15%
Épilogue 1 J'essaie d'activer les bonus ; la famille, les amis m'propulsent J'sais qu'j'arrive à rester focus car, derrière, l'équipe est robuste J'donnerai jusqu'au dernier globule ; ma vie, c'est d'trouver des... Formules
14%
Suicide social 2 Adieu les poivrots qui rentrent jamais chez eux Qui préfèrent se faire enculer par la Française des Jeux Adieu les... Banquiers verreux
13%
Aucun quiz correspondant
Distribution des résultats
% des personnes avec chaque résultat
Percentile par nombre de réponses
Votre historique - résultats
Vous n’avez pas pris ce quiz